| 000 | 00990nam a2200241 i 4500 | ||
|---|---|---|---|
| 001 | 170790 | ||
| 003 | ES-MaACL | ||
| 005 | 20250916175907.0 | ||
| 008 | 090406s1953 sp |||| |bspa d | ||
| 100 | 0 |
_aBernardo, _cSanto, _d1090?-1153 _928290 |
|
| 245 | 1 | 0 |
_aObras completas de San Bernardo. _nI / _cedición española preparada por Gregorio Díez Ramos. |
| 260 |
_aMadrid : _bLa Editorial Católica, _c1953. |
||
| 300 |
_aXXXV, 1190 p. ; _c20 cm. |
||
| 490 | 1 |
_aBiblioteca de autores cristianos ; _v110 |
|
| 505 | 8 | _aContiene: Vida de San Bernardo / por Pedro de Ribadeneira ; Introducción general ; Sermones de tiempo, de santos y varios ; Sentencias / San Bernardo | |
| 600 | 0 | 4 |
_aBernardo, _cSanto, _d1090?-1153 _928290 |
| 650 | 0 | 7 |
_aReligión _2embne _916797 |
| 700 | 1 |
_aDíez Ramos, Gregorio. _944762 |
|
| 700 | 1 |
_aRibadeneira, Pedro de, _d1527-1611 _9147986 |
|
| 830 | 0 | 0 |
_aBiblioteca de autores cristianos _v110 _9178679 |
| 852 |
_aES-MaACL _jJ-108 |
||
| 999 |
_c170790 _d170790 |
||